|
|
|
|
| LEADER |
03705nam a2200793 4500 |
| 001 |
ocn844373139 |
| 003 |
OCoLC |
| 005 |
20170124070615.5 |
| 006 |
m o d |
| 007 |
cr ||||||||||| |
| 008 |
130522s2013 enk ob 001 0 eng |
| 010 |
|
|
|a 2013020886
|
| 040 |
|
|
|a DLC
|b eng
|e rda
|c DLC
|d YDX
|d DG1
|d N$T
|d NLGGC
|d OCLCF
|d YDXCP
|d E7B
|d UKDOC
|d RECBK
|d OCLCO
|d COO
|d EBLCP
|d DG1
|d GrThAP
|
| 019 |
|
|
|a 868972098
|
| 020 |
|
|
|a 9781118656198 (ePub)
|
| 020 |
|
|
|a 1118656199 (ePub)
|
| 020 |
|
|
|a 9781118656105 (MobiPocket)
|
| 020 |
|
|
|a 1118656105 (MobiPocket)
|
| 020 |
|
|
|a 9781118656228 ( Adobe PDF)
|
| 020 |
|
|
|a 1118656229 ( Adobe PDF)
|
| 020 |
|
|
|z 9780470674246 (pbk.)
|
| 020 |
|
|
|a 9781118656082
|
| 020 |
|
|
|a 1118656083
|
| 020 |
|
|
|a 0470674245
|
| 020 |
|
|
|a 9780470674246
|
| 029 |
1 |
|
|a AU@
|b 000051254157
|
| 029 |
1 |
|
|a DEBBG
|b BV041633590
|
| 029 |
1 |
|
|a NLGGC
|b 370446593
|
| 029 |
1 |
|
|a NZ1
|b 15421543
|
| 029 |
1 |
|
|a NZ1
|b 15697522
|
| 029 |
1 |
|
|a DEBBG
|b BV042796811
|
| 029 |
1 |
|
|a GBVCP
|b 79021024X
|
| 035 |
|
|
|a (OCoLC)844373139
|z (OCoLC)868972098
|
| 042 |
|
|
|a pcc
|
| 050 |
0 |
0 |
|a RC521
|
| 060 |
1 |
0 |
|a WM 220
|
| 072 |
|
7 |
|a HEA
|x 039000
|2 bisacsh
|
| 072 |
|
7 |
|a MED
|x 014000
|2 bisacsh
|
| 072 |
|
7 |
|a MED
|x 022000
|2 bisacsh
|
| 072 |
|
7 |
|a MED
|x 112000
|2 bisacsh
|
| 072 |
|
7 |
|a MED
|x 045000
|2 bisacsh
|
| 082 |
0 |
0 |
|a 616.8/3
|2 23
|
| 049 |
|
|
|a MAIN
|
| 130 |
0 |
|
|a Dementia (Quinn)
|
| 245 |
1 |
0 |
|a Dementia /
|c edited by Joseph F. Quinn.
|
| 264 |
|
1 |
|a Chichester, West Sussex :
|b Wiley-Blackwell,
|c 2013.
|
| 300 |
|
|
|a 1 online resource.
|
| 336 |
|
|
|a text
|2 rdacontent
|
| 337 |
|
|
|a computer
|2 rdamedia
|
| 338 |
|
|
|a online resource
|2 rdacarrier
|
| 490 |
1 |
|
|a Neurology in practice
|
| 504 |
|
|
|a Includes bibliographical references and index.
|
| 505 |
0 |
|
|a Diagnosis and differential diagnosis of dementia / Richard Camicioli -- Rapidly progressive dementia and its mimics / Amy May Lin Quek and Andrew McKeon -- Young onset dementia : how much diagnostic testing is enough? / Anahita Adeli and Keith A. Josephs -- An approach to the problem of normal pressure hydrocephalus / Norman Relkin -- Depression : cause or complication of cognitive decline? / David Mansoor, Sahana Misra, and Linda Ganzini -- Mild cognitive impairment / Ranjan Duara, David A. Loewenstein, Clinton Wright, Elizabeth Crocco, and Daniel Varon -- After the diagnosis : continuing neurologic care of the outpatient with dementia / Anne M. Lipton -- Using psychotropic medications to manage problem behaviors in dementia / Lucy Y. Wang and Murray A. Raskind -- Palliative care in advanced dementias / Ira Byock and Cory Ingram -- Ethical, legal, and social issues in dementia / Amy Y. Tsou and Jason Karlawish -- Assessing outcomes in dementia car / Joel Mack, Amie Peterson, and Joseph Quinn -- Primary prevention of dementia / Joseph Quinn.
|
| 588 |
|
|
|a Description based on print version record and CIP data provided by publisher.
|
| 650 |
|
2 |
|a Dementia.
|
| 650 |
|
0 |
|a Dementia.
|
| 650 |
|
7 |
|a HEALTH & FITNESS
|x Diseases
|x General.
|2 bisacsh
|
| 650 |
|
7 |
|a MEDICAL
|x Clinical Medicine.
|2 bisacsh
|
| 650 |
|
7 |
|a MEDICAL
|x Diseases.
|2 bisacsh
|
| 650 |
|
7 |
|a MEDICAL
|x Evidence-Based Medicine.
|2 bisacsh
|
| 650 |
|
7 |
|a MEDICAL
|x Internal Medicine.
|2 bisacsh
|
| 650 |
|
7 |
|a Dementia.
|2 fast
|0 (OCoLC)fst00890050
|
| 655 |
|
4 |
|a Electronic books.
|
| 655 |
|
0 |
|a Electronic books.
|
| 700 |
1 |
|
|a Quinn, Joseph F.,
|d 1962-
|e editor of compilation.
|
| 776 |
0 |
8 |
|i Print version:
|d Chichester, West Sussex : John Wiley & Sons, Inc., 2013
|z 9780470674246
|w (DLC) 2013019917
|
| 830 |
|
0 |
|a Neurology in practice (Series)
|
| 856 |
4 |
0 |
|u https://doi.org/10.1002/9781118656082
|z Full Text via HEAL-Link
|
| 994 |
|
|
|a 92
|b DG1
|